000 00913cam a2200217 4500
001 3235
005 20230301170502.0
008 111021s2012 nyu b 001 0 eng
010 _a 2011044193
020 _a9780141045276
020 _a978-0-486-42557-3
245 0 0 _aThe art of war /
_cSun-Tzu.
260 _aNew Delhi :
_aNew York:
_bPenguin Books,
_bDover Publications,
_c2009.
_c2002
300 _a100 p.
504 _aIncludes bibliographical references and index.
505 0 _aIntroduction -- Chronology -- Mythological battles -- Antiquity to Christianization of the Roman Empire -- Dark and Middle Ages -- Early modern age to wars for European dominance -- The Napoleonic wars -- Conflicts of the 19th century -- The World Wars -- War and abstraction.
650 0 _aWar
_vQuotations, maxims, etc.
650 0 _aWar in art.
942 _2ddc
_cMAIN
999 _c2617
_d2617